[Event "Vergani Le Terrazze-Elite 2019"]
[Site "Villorba"]
[Date "2019.01.03"]
[Round "1"]
[White "Bernadskiy, Vitaliy"]
[Black "Ashwath, R.."]
[Result "1-0"]
[WhiteElo "2550"]
[BlackElo "2314"]
[Annotator "TA"]
[PlyCount "51"]
[EventDate "2019.01.02"]
[EventType "swiss"]
[EventCountry "ITA"]
[SourceTitle "playchess.com"]
[Source "ChessBase"]
[SourceQuality "1"]

{[%evp 15,51,47,65,66,70,73,65,71,78,78,77,71,171,183,168,110,94,35,91,38,52,66,11,5,39,0,57,64,116,85,291,248,507,512,592,468,504,505]} 1. e4 e5 2. Nf3 Nc6 3. Bb5 Nf6 4. O-O Bc5 5. Nxe5 Nxe4 6. Qe2 Nxe5 7. Qxe4 Qe7 8. d4 Ng6 {LiveBook: 4 Games. C65: Ruy Lopez: Berlin Defence (3...Nf6), unusual lines and 4 0-0 Bc5} (8... Nc6 9. Qg4 h5 10. Qg3 Bxd4 11. Nc3 O-O 12. Nd5 Qe4 13. Qg5 Qe5 14. c3 Bb6 15. a4 Re8 16. Qxe5 Rxe5 17. Nxb6 cxb6 {½-½ (42) Gashimov,V (2759)-Topalov,V (2805) Linares 2010}) 9. Bxd7+ Bxd7 10. Qxb7 {[%mdl 64] Double Attack} O-O {White is better.} 11. dxc5 Qxc5 12. Nc3 Bc6 13. Qxc7 f5 $146 (13... Rac8 $16 {was called for.} 14. Qg3 Qf5) ({Predecessor:} 13... Nh4 14. Qg3 Nf5 15. Qh3 Rab8 16. a3 {1-0 (48) Savon,V-Alburt,L Moscow (Russia) 1970}) 14. Be3 $18 Qc4 {[#]} 15. Rfd1 (15. f3 $1 $18) 15... Rac8 $16 {[#]} 16. Qd6 ({Not} 16. Qxa7 Qg4 $17) (16. Rd4 $1 $16 {And now Qxc8 would win.} Qxd4 17. Qxc8) 16... f4 $1 $14 {[%cal Rf4e3]} 17. Bxa7 ({White should try} 17. Rd4 $16 Qf7 18. Bd2) 17... f3 18. Qd4 Qe6 19. Re1 $1 {[%cal Re1e6]} Qf5 $1 20. Qc4+ Kh8 (20... Rf7 $1 $11 21. g4 Qg5) 21. Qe6 {Black must now prevent Qxf5.} Qg5 (21... Qa5 $14) 22. g3 $16 {Strongly threatening Be3.} Ba8 $2 (22... Nf4 $16 23. h4 Qa5 24. gxf4 Qxa7) 23. Bd4 Qh6 $2 (23... Nf4 24. Qe5 Qg4) 24. h4 $18 {White is clearly winning.} Rc6 25. Qg4 Nf4 {[#]} 26. Qxf4 $1 {Accuracy: White = 63%, Black = 36%.} 1-0

[Event "Vergani Le Terrazze-Elite 2019"]
[Site "Villorba"]
[Date "2019.01.03"]
[Round "1"]
[White "Shyam, Sundar M."]
[Black "Fataliyeva, Ulviyya"]
[Result "1/2-1/2"]
[WhiteElo "2509"]
[BlackElo "2301"]
[Annotator "TA"]
[PlyCount "71"]
[EventDate "2019.01.02"]
[EventType "swiss"]
[EventCountry "ITA"]
[SourceTitle "playchess.com"]
[Source "ChessBase"]
[SourceQuality "1"]

{[%evp 9,71,0,46,53,42,45,64,41,47,33,102,59,72,32,37,30,52,15,112,39,56,46,45,44,70,-393,1290,-147,55,52,33,45,56,37,48,46,51,35,77,0,0,0,0,0,0,0,0,0,0,0,0,0,0,0,0,-12,-1,0,0,0,0,-20,-17,-28]} 1. e4 e6 2. d4 d5 3. Nd2 c5 4. Ngf3 cxd4 5. Nxd4 Bc5 6. N2b3 {C07: French Tarrasch: 3...c5, 4 Ngf3 and 4 exd5 Qxd5} Bb6 7. Bb5+ Bd7 8. exd5 {White is slightly better.} exd5 9. O-O {And now Re1+ would win.} Bxb5 ({Black should try} 9... Ne7 $14) (9... Ne7 10. Re1 O-O 11. Bg5 Re8 12. Bxd7 Qxd7 13. Bxe7 Rxe7 14. Rxe7 Qxe7 {1-0 (29) Kovalev,V (2549)-Kvachko,A (1803) Orsha 2018}) 10. Nxb5 Ne7 11. Bg5 {Black must now prevent Re1.} f6 $146 ({Predecessor:} 11... Nbc6 12. Qh5 O-O {1-0 (40) Medina Garcia,A-Kostjoerin,A Monte Carlo 1968}) 12. Bf4 $36 {[%mdl 2048] [#] aiming for Nd6+. White fights for an advantage.} O-O $1 13. Qg4 {White wants to play Qe6+.} Ng6 (13... Qd7 $11 {keeps the balance.} 14. Qxd7 Nxd7) 14. Rad1 (14. Qe6+ $16 Kh8 15. Be3 (15. Bd6 Re8 $14)) 14... Qc8 $14 15. Qf3 Nxf4 16. Qxf4 Qc6 17. c3 $2 {[%mdl 8192]} (17. Nc3 $14 {stays ahead.}) 17... Qxc3 $4 {[%mdl 8192]} (17... Qxb5 $19 18. Qf5 Nc6 19. Qxd5+ Qxd5 20. Rxd5 Rfe8) 18. Rd4 $2 (18. Nxc3 $18 Nc6 19. Nxd5) 18... Qc2 $2 ({Reject} 18... Qxb2 $6 19. Rxd5 Nc6 20. Nd6 $11) (18... Qc6 $17 19. Rb4 Na6) 19. Rxd5 Nc6 {[%cal Bb8c6,Bc6e5,Be5g4][%mdl 32]} 20. Rd2 Qg6 21. Nd6 $1 Ne5 22. Nxb7 Rac8 23. Nd6 Rc6 {[#] Hoping for ...Nd3.} 24. Qf5 (24. Nf5 $16 Rc7 25. h3) 24... Rd8 $11 {The position is equal.} 25. Qxg6 $1 hxg6 26. Rfd1 Ng4 {...Nxf2 is the strong threat.} 27. Ne4 Rxd2 28. Rxd2 Re6 29. h3 Rxe4 {[%cal Re4e1]} 30. hxg4 Rxg4 {[%mdl 4096] Endgame KRB-KRN} 31. Kf1 Rc4 32. Ke2 f5 33. Kd3 Rf4 34. f3 g5 {[%cal Bg6g5,Bg5g4][%mdl 32]} 35. Ke2 g4 36. Rd5 {Accuracy: White = 34%, Black = 43%.} 1/2-1/2

[Event "Vergani Le Terrazze-Elite 2019"]
[Site "Villorba"]
[Date "2019.01.03"]
[Round "1"]
[White "Baglan, Esat"]
[Black "Buhmann, Rainer"]
[Result "1/2-1/2"]
[WhiteElo "2363"]
[BlackElo "2574"]
[Annotator "TA"]
[PlyCount "64"]
[EventDate "2019.01.02"]
[EventType "swiss"]
[EventCountry "ITA"]
[SourceTitle "playchess.com"]
[Source "ChessBase"]
[SourceQuality "1"]

{[%evp 18,64,43,40,46,-4,32,26,54,54,52,51,40,30,75,69,72,40,45,32,41,32,38,16,35,14,135,79,87,82,118,112,149,80,93,78,187,182,184,159,162,39,74,75,86,0,84,0,105]} 1. e4 c6 2. d4 d5 3. e5 Bf5 4. Nf3 e6 5. Be2 Nd7 6. O-O h6 7. Nbd2 Ne7 {B12: Caro-Kann: Advance Variation} 8. Nb3 g5 9. a4 (9. Ne1 Qc7 10. f4 c5 11. Nxc5 Nxc5 12. dxc5 Qxc5+ 13. Kh1 d4 14. Nd3 Qc7 15. fxg5 {0-1 (32) Shirov,A (2636)-Nakamura,H (2763) Douglas 2018}) 9... Qc7 10. Bd2 {LiveBook: 14 Games} Be4 11. c4 $146 ({Predecessor:} 11. Bb4 a5 12. Ba3 Bxf3 13. Bxf3 Ng6 14. Bxf8 Rxf8 15. Bh5 {1-0 (57) Kudr,R (2267)-Narciso,M (2185) ICCF email 2013}) 11... dxc4 (11... c5 {seems wilder.} 12. cxd5 Bxd5 13. Rc1 Nc6 14. dxc5 Bg7) 12. Bxc4 Bd5 13. Bxd5 Nxd5 14. Rc1 Be7 15. Ne1 Nf8 16. Nd3 Ng6 17. a5 b6 18. Qe1 Qb7 19. Qe4 Rc8 20. Rc2 Qa6 21. Nbc1 bxa5 (21... c5 $11 {remains equal.}) 22. Nc5 (22. Nb3 $142) 22... Bxc5 $16 23. Rxc5 a4 24. Nd3 O-O 25. f4 (25. g3 $142) 25... gxf4 26. Bxf4 Kg7 (26... Ngxf4 $16 {was called for.} 27. Nxf4 f5 28. exf6 Rxf6) 27. Bd2 $18 Rb8 28. Ra5 Qc4 29. Rxa7 ({White should try} 29. Rf3 $18) 29... Qc2 30. Qe2 {[#] Hoping for Bxh6+!} Qc4 31. Qe4 {Threatens to win with Nc5.} Qc2 32. Qe2 {Strongly threatening Bxh6+!} Qc4 $1 {Accuracy: White = 38%, Black = 38%.} 1/2-1/2

[Event "Vergani Le Terrazze-Elite 2019"]
[Site "Villorba"]
[Date "2019.01.03"]
[Round "1"]
[White "Fischer, Daniel"]
[Black "Epishin, Vladimir"]
[Result "1/2-1/2"]
[WhiteElo "2325"]
[BlackElo "2563"]
[Annotator "TA"]
[PlyCount "72"]
[EventDate "2019.01.02"]
[EventType "swiss"]
[EventCountry "ITA"]
[SourceTitle "playchess.com"]
[Source "ChessBase"]
[SourceQuality "1"]

{[%evp 19,72,33,43,0,0,0,10,0,5,-35,10,-2,14,-6,23,0,0,0,5,-30,0,-11,0,0,0,0,0,0,0,0,0,0,0,0,0,0,60,0,0,0,0,0,0,0,0,0,0,0,0,0,0,0,0,0,0]} 1. e4 g6 2. d4 Bg7 3. Nc3 c6 4. Bc4 d6 5. Nf3 Nf6 6. Bb3 O-O 7. O-O Bg4 8. h3 Bxf3 9. Qxf3 Nbd7 10. Be3 Qc7 {LiveBook: 4 Games. B08: Pirc Defence: Classical System} (10... e6 11. Rfe1 Kh8 12. Qg3 d5 13. e5 Ng8 14. f4 Ne7 15. Bf2 Rc8 16. Ne2 f6 17. c3 fxe5 18. dxe5 {1-0 (55) Popov,I (2618)-Rahman,Z (2515) Benasque 2014}) 11. Ne2 e5 12. c3 Rae8 13. Ng3 h5 14. Bc2 $146 ({Predecessor:} 14. Rfe1 exd4 15. Bxd4 Ne5 16. Qd1 Bh6 17. Be3 Bxe3 18. Rxe3 {½-½ (73) Bryson,D (2330)-McNab,C (2490) St Andres 1993}) 14... Re6 15. Rfe1 d5 16. exd5 cxd5 17. dxe5 Nxe5 18. Qf4 Rfe8 19. Rad1 a6 20. Bb3 Qc6 21. Ne2 {[%cal Bg3e2,Be2d4,Bd4f3][%mdl 32] [#] aiming for Nd4.} R6e7 22. Nd4 $36 {[%mdl 2048] White has some pressure.} Qc8 23. Nf3 Nc4 24. Bd4 Rxe1+ 25. Rxe1 Rxe1+ 26. Nxe1 Qe6 27. Nd3 b5 (27... Ne4 $11) 28. a4 ({White should play} 28. Nc5 $14 Qc8 29. Bxc4 dxc4 30. Qd6) 28... Qe2 $11 {The position is equal.} 29. Bxf6 (29. Bxc4 {feels hotter.} bxc4 30. Nb4 Ne4 31. Nxd5 Qe1+ 32. Kh2) 29... Qxd3 30. Bxg7 (30. Qb8+ {seems wilder.} Kh7 31. Bxc4 bxc4 32. Qe5 Bxf6 33. Qxf6 Kg8 34. Qxa6 Qb1+ 35. Kh2) 30... Kxg7 31. axb5 axb5 32. Bxc4 bxc4 {KQ-KQ} 33. Qe5+ Kf8 34. Qb8+ Kg7 35. Qe5+ Kg8 36. Qb8+ Kg7 {Accuracy: White = 54%, Black = 71%.} 1/2-1/2

[Event "Vergani Le Terrazze-Elite 2019"]
[Site "Villorba"]
[Date "2019.01.03"]
[Round "1"]
[White "Dudin, Gleb"]
[Black "Basso, Pier Luigi"]
[Result "1/2-1/2"]
[WhiteElo "2303"]
[BlackElo "2522"]
[Annotator "TA"]
[PlyCount "86"]
[EventDate "2019.01.02"]
[EventType "swiss"]
[EventCountry "ITA"]
[SourceTitle "playchess.com"]
[Source "ChessBase"]
[SourceQuality "1"]

{[%evp 17,86,7,18,0,0,-2,-6,-2,-5,-5,-6,-16,-28,-23,0,0,0,0,21,0,20,-39,-21,-38,-45,-76,-63,-51,-59,-60,-55,-82,-77,-81,-68,-63,-63,-67,-67,-67,-61,-67,-74,-66,-35,-67,0,0,8,1,8,8,8,7,52,0,52,52,70,60,68,0,0,0,0,0,0,0,8,8,42]} 1. d4 d5 2. c4 c6 3. cxd5 cxd5 4. Nc3 Nf6 5. Nf3 Nc6 6. Bf4 Nh5 7. Bd2 {D13: Slav Defence: Exchange variation without ...Bf5} Nf6 8. Rc1 e6 9. e3 Bd6 {LiveBook: 7 Games} 10. Be2 Ne4 $146 ({Predecessor:} 10... O-O 11. O-O Ne4 12. Nxe4 dxe4 13. Ne1 e5 14. d5 Ne7 {½-½ (44) Walter,S (2404)-Rogic,D (2498) Germany 2017}) 11. Nxe4 dxe4 12. Ne5 Nxe5 13. dxe5 Bxe5 14. Qa4+ Bd7 15. Bb5 {[#] Rd1 is the strong threat.} a6 $36 {[%mdl 2048] Black has good play.} ({But not} 15... Bxb2 $2 16. Rd1 $18) 16. Bxd7+ Qxd7 17. Qxe4 f6 18. Rc2 O-O 19. O-O ({White should play} 19. f4 $11 Bd6 20. Kf2) 19... Rac8 $15 20. Bc3 Bxc3 21. bxc3 Rc5 22. a4 Rfc8 23. Rb2 R8c7 24. Rb4 Rxc3 25. Rd4 Qe7 26. Rfd1 Rc1 27. g3 Rxd1+ 28. Rxd1 {[%mdl 4096] Endgame KQR-KQR} h6 29. h4 f5 30. Qe5 Rd7 31. Rb1 Kh7 (31... Rd6 $15) 32. Rb6 $11 Rd1+ 33. Kg2 Rd5 34. Qxe6 Qxe6 35. Rxe6 {KR-KR} Ra5 36. Rb6 (36. h5 $1 $14) 36... Rxa4 (36... h5 $1 $11) 37. h5 $1 $14 Ra5 {next ...Rb5 is good for Black.} 38. Rxb7 f4 39. exf4 (39. gxf4 $14 Rxh5 40. e4) 39... Rxh5 $11 {The position is equal.} 40. g4 Rb5 41. Ra7 a5 42. Kg3 h5 43. f3 Rc5 {Accuracy: White = 55%, Black = 63%.} 1/2-1/2

[Event "Vergani Le Terrazze-Elite 2019"]
[Site "Villorba"]
[Date "2019.01.03"]
[Round "2"]
[White "Buhmann, Rainer"]
[Black "Can, Isik"]
[Result "1-0"]
[WhiteElo "2574"]
[BlackElo "2379"]
[Annotator "TA"]
[PlyCount "61"]
[EventDate "2019.01.02"]
[EventType "swiss"]
[EventCountry "ITA"]
[SourceTitle "playchess.com"]
[Source "ChessBase"]
[SourceQuality "1"]

{[%evp 14,61,16,13,13,13,13,12,14,9,13,0,47,45,48,16,40,29,70,70,122,117,114,108,133,147,133,136,131,53,120,110,313,312,306,298,323,351,344,337,539,530,725,744,719,747,750,635,1003,892]} 1. Nf3 d5 2. d4 Nf6 3. c4 c6 4. e3 Bg4 5. cxd5 cxd5 6. Nc3 Nc6 7. Qb3 {D13: Slav Defence: Exchange variation without ...Bf5} Rb8 (7... Bc8 8. Ne5 e6 9. f4 Be7 10. Bd3 O-O 11. O-O Nb4 12. Be2 Bd7 13. Bd2 a5 14. a3 Nc6 15. Nxd7 Qxd7 {0-1 (37) Leitao,R (2618)-Potkin,V (2594) Fufeng 2017}) 8. Ne5 {LiveBook: 3 Games. Black should prevent e4!} Bd7 $1 9. f4 {The position is equal.} e6 10. Bd3 Be7 11. O-O O-O 12. Qd1 $146 ({Predecessor:} 12. Bd2 Ne8 13. Rf3 Nxe5 14. fxe5 {1-0 (32) De Oliveira,H (2118)-Amorim,G (1827) Teresina 2013}) 12... Nxe5 13. fxe5 Ne8 14. Bd2 b5 15. Ne2 (15. a3 {with more complications.} g6 16. Ne2 a5 17. Qe1 b4 18. Nf4) 15... Qb6 16. Nf4 $36 {[%mdl 2048] White fights for an advantage.} g6 (16... Qd8 $14) 17. Qg4 Qd8 18. a3 Ng7 19. Bb4 a5 20. Bxe7 Qxe7 21. Nh3 ({White should try} 21. h4 $1 $16) 21... Nf5 ({Black should play} 21... b4 $14) 22. Qf4 $1 $16 f6 $2 {[#]} (22... Kg7 $16 {might work better.}) 23. exf6 $1 $18 Qxf6 {[#]} 24. g4 $1 {[%cal Bg2g4,Bg4f5][%mdl 32]} Qh4 25. gxf5 Qxh3 26. f6 Be8 (26... Kf7 $142 27. Kh1 e5 28. dxe5 Be6) 27. Rf3 {White is clearly winning.} (27. Qxb8 Qxe3+ 28. Rf2 Qxd3 $18) 27... Qh5 28. Kg2 Rb7 29. Rh3 {[%mdl 64] Trapped Piece} g5 30. Qe5 ({Not} 30. Rxh5 gxf4 31. Rh6 Bg6 $11) 30... Qf7 31. Rf1 {Accuracy: White = 75%, Black = 32%.} 1-0

[Event "Vergani Le Terrazze-Elite 2019"]
[Site "Villorba"]
[Date "2019.01.03"]
[Round "2"]
[White "Epishin, Vladimir"]
[Black "Dudin, Gleb"]
[Result "1/2-1/2"]
[WhiteElo "2563"]
[BlackElo "2303"]
[Annotator "TA"]
[PlyCount "131"]
[EventDate "2019.01.02"]
[EventType "swiss"]
[EventCountry "ITA"]
[SourceTitle "playchess.com"]
[Source "ChessBase"]
[SourceQuality "1"]

{[%evp 14,131,15,0,8,-18,0,-10,0,-21,-17,-60,-8,-31,-37,-31,-37,-35,-14,-70,-61,-45,-54,-49,-49,-70,-70,-70,-73,-58,-2,0,-4,-8,0,0,0,-3,-20,-29,-25,-72,-82,-104,-19,-10,0,-60,44,-47,0,0,83,58,105,88,67,84,128,99,104,-4,73,38,111,48,52,30,88,33,61,68,67,31,44,8,31,29,36,5,54,44,59,18,50,37,43,5,86,97,165,176,255,0,94,118,253,0,113,0,176,106,120,0,5,7,10,0,12,0,0,0,0,-189,-181,-266,-247,-203,-110,-104]} 1. c4 e5 2. Nc3 Nf6 3. e3 g6 4. Nf3 d6 5. Be2 Bg7 6. O-O O-O 7. d3 {A10: English Opening: Unusual Replies for Black} Nc6 8. Rb1 {LiveBook: 6 Games} a5 (8... Bf5 9. Nd2 a5 10. a3 Ne7 11. e4 Be6 12. Nf3 Nc6 {½-½ (35) Alekseev,E (2725)-Huzman,A (2599) Ohrid 2009}) 9. Bd2 $146 {The position is equal.} ({Predecessor:} 9. b3 Re8 10. Bb2 Be6 11. e4 {½-½ (30) Koskoska,G (2152)-Nikolovska,D (1721) Struga 2010}) 9... h6 10. Rc1 Be6 11. Re1 Nd7 12. Nd5 Kh7 (12... f5 $15) 13. Bc3 Ncb8 14. Bd2 b5 15. e4 b4 16. g3 (16. a3 $11) 16... c6 17. Ne3 Na6 18. h4 Nf6 19. Nh2 Nc5 20. Ng2 Qd7 21. Be3 Na6 (21... Bh3 $15) 22. f4 $11 Bh3 23. Bf3 Rae8 24. g4 Bxg2 25. Kxg2 {aiming for g5.} exf4 26. Bxf4 Nc5 27. Rc2 Ne6 28. Be3 Qc7 (28... Qe7 $1 $17 29. e5 dxe5 30. Bxc6 Rd8) 29. g5 Nd7 30. gxh6 (30. Bg4 $11) 30... Bh8 (30... Bd4 $15) 31. Kh1 (31. Bg4 $1 $14) 31... Qd8 {[%mdl 1024] Black has compensation.} 32. h5 Nd4 (32... Qh4 $11) 33. Rg2 c5 34. Bg4 Ne5 35. Rf1 Qh4 36. Bf2 Qe7 37. Qd2 (37. Bxd4 $16 cxd4 38. Nf3) 37... Bf6 (37... Nxg4 $11 {keeps the balance.} 38. Nxg4 gxh5) 38. Be3 Bh4 (38... Rg8 $14) 39. Bh3 (39. Bxd4 $1 $16 cxd4 40. Nf3) 39... Rg8 $14 40. Ng4 Nxg4 (40... Nef3 $11 {remains equal.} 41. Qd1 gxh5) 41. Bxg4 (41. Rxg4 $16 {Hoping for Rgf4.} gxh5 42. Rg7+ Rxg7 43. hxg7) 41... Nc6 42. Bh3 Ne5 43. Bf4 Bf6 44. Qe3 {Threatening hxg6+.} Nc6 45. Qf3 Ne5 46. Qe2 {Rfg1 is the strong threat.} Ref8 47. b3 $36 {[%mdl 2048] White fights for an advantage.} Nc6 48. Bc1 {And now Qf3 would win.} Be5 49. Bg5 Qe8 50. Qf2 {With the idea Qh4.} Bd4 (50... Nd4 $11) 51. Qh4 $16 Be5 {[#]} (51... Bh8 $16 52. Rgf2 Bd4) 52. Rgf2 $1 $18 {Black must now prevent hxg6+.} Bd4 {[#]} (52... Nd4 {keeps fighting.} 53. hxg6+ Rxg6) 53. Rg2 $2 (53. Rf3 $1 $18 {and the rest is easy.}) 53... Be5 $1 $16 54. Bg4 Bh8 (54... Bc3 $16 55. Be2 Bb2) 55. Bh3 (55. Qh2 $18 {has better winning chances.}) 55... Be5 $1 56. Bg4 (56. Be3 $16) 56... Bh8 $1 $18 57. Qh3 (57. Qg3 $18 Ne5 58. Bh3) 57... Ne5 $16 58. Rg3 (58. Be2 $16) 58... Nxg4 $11 59. Qxg4 ({Don't do} 59. Rxg4 $6 Qe6 $16) 59... Be5 60. Bf4 Qe6 61. Qf3 Bxf4 62. Qxf4 gxh5 63. Rxg8 $2 (63. Kh2 $11) 63... Qh3+ $19 ({Inferior is} 63... Rxg8 64. Kh2 $11) 64. Kg1 (64. Qh2 $142 Qxf1+ 65. Rg1 Qf3+ 66. Qg2 Qxg2+ 67. Rxg2) 64... Rxg8+ 65. Kf2 Qe6 ({Weaker is} 65... Qxd3 66. Qxf7+ Kh8 67. Qf6+ Kh7 68. Qf7+ Kh8 69. Qf6+ Kh7 70. Qf7+ $11) ({Black should try} 65... f6 $19 {Threatens to win with ...Rg2+.} 66. Ke2 Rg2+ 67. Rf2 Rxf2+ 68. Kxf2 Qe6) 66. Ke3 {Precision: White = 42%, Black = 35%.} 1/2-1/2

[Event "Vergani Le Terrazze-Elite 2019"]
[Site "Villorba"]
[Date "2019.01.03"]
[Round "2"]
[White "Prithu Gupta"]
[Black "Guimaraes, Diogo Duarte"]
[Result "1-0"]
[WhiteElo "2462"]
[BlackElo "2278"]
[Annotator "TA"]
[PlyCount "83"]
[EventDate "2019.01.02"]
[EventType "swiss"]
[EventCountry "ITA"]
[SourceTitle "playchess.com"]
[Source "ChessBase"]
[SourceQuality "1"]

{[%evp 11,83,8,45,40,48,46,102,60,69,71,69,72,57,42,57,27,29,29,29,29,23,12,16,27,56,56,62,62,50,39,39,40,39,45,41,43,69,62,76,67,106,93,85,95,140,140,143,98,197,208,200,184,154,128,133,129,203,205,273,279,318,318,631,613,991,988,955,976,871,689,1622,1539,1431,1334]} 1. Nf3 Nf6 2. c4 c6 3. g3 d5 4. Bg2 Bg4 5. Ne5 Be6 6. cxd5 {A11: English Opening: 1...c6} cxd5 {LiveBook: 9 Games} (6... Bxd5 {is more complex.} 7. O-O Nbd7 8. d4 Bxg2 9. Kxg2 Nxe5 10. dxe5 Qd5+) (6... Bxd5 7. Nf3 c5 8. Nc3 Bc6 9. O-O e6 10. Qc2 Be7 11. Rd1 O-O 12. d4 cxd4 13. Nxd4 Bxg2 14. Kxg2 Nbd7 15. Bg5 {½-½ (15) Svidler,P (2765)-Karjakin,S (2760) Riadh 2017}) 7. d4 {[%cal Bd2d4,Bd4e5][%mdl 32]} Nc6 8. Nc3 {White is slightly better.} Nd7 $146 ({Better is} 8... g6 $14) ({Predecessor:} 8... g6 9. Qa4 Qb6 10. Nxc6 bxc6 11. Bg5 Bg7 12. Bxf6 Bxf6 13. Nxd5 Bxd5 14. Bxd5 {1-0 (96) Ladva,O (2529)-Bernotas,A (2332) Vilnius 2017}) 9. O-O Ndxe5 10. dxe5 {[%cal Rc3d5]} d4 11. Ne4 $1 Bd5 12. Qa4 e6 13. e3 Qd7 14. exd4 Nxe5 15. Qxd7+ Nxd7 16. Bf4 Be7 17. Rac1 O-O 18. Rc7 Rfd8 19. Nc5 $36 {[%mdl 2048] White has the initiative.} Nxc5 20. dxc5 Kf8 21. b4 {[%cal Bb2b4,Bb4c5,Bc5c6,Bc6c7][%mdl 32] Strongly threatening Bxd5.} b6 22. Bxd5 Rxd5 23. Rc1 bxc5 24. bxc5 Ke8 25. c6 Bd8 26. Rb7 Bb6 27. Bb8 {[#] And now c7 would win.} Rd8 28. c7 Rc8 29. Rd1 e5 (29... Bc5 $16 {might work better.} 30. Kg2 a5) 30. Kg2 $18 Bd4 31. f4 f6 32. fxe5 fxe5 33. Rb5 a6 (33... Ke7 $16 {was called for.} 34. a4 h6) 34. Ra5 Ke7 35. Kf3 Kd6 36. Ke4 Kc6 $2 {[#]} (36... Ke6 37. Rc1 Kf7) 37. Rd5 {White is clearly winning.} Ra7 38. Bxa7 Bxa7 39. Rc1+ Kb7 40. Rd8 Rxc7 41. Rxc7+ Kxc7 42. Rg8 {Precision: White = 76%, Black = 40%.} 1-0

[Event "Vergani Le Terrazze-Elite 2019"]
[Site "Villorba"]
[Date "2019.01.03"]
[Round "2"]
[White "Sadhwani, Raunak"]
[Black "Bernadskiy, Vitaliy"]
[Result "0-1"]
[WhiteElo "2451"]
[BlackElo "2550"]
[Annotator "TA"]
[PlyCount "104"]
[EventDate "2019.01.02"]
[EventType "swiss"]
[EventCountry "ITA"]
[SourceTitle "playchess.com"]
[Source "ChessBase"]
[SourceQuality "1"]

{[%evp 12,104,41,25,21,21,32,21,46,27,20,4,31,31,25,21,26,27,27,35,73,36,89,79,74,62,63,77,98,99,107,104,88,54,113,112,100,104,110,54,118,114,426,421,566,566,512,555,532,519,612,487,544,318,537,528,523,518,500,498,790,756,589,528,527,506,1369,0,0,0,0,0,-21,-164,-150,-153,-162,-157,-38,-206,-52,-54,-40,-139,0,0,0,-90,-80,-185,-138,-404,-398,-1590,-1148]} 1. e4 c6 2. d4 d5 3. e5 Bf5 4. Nf3 e6 5. Be2 Nd7 6. O-O h6 7. a4 {LiveBook: 31 Games. B12: Caro-Kann: Advance Variation} (7. c3 Qc7 8. a4 a5 9. Na3 Bxa3 10. Rxa3 Ne7 11. Nh4 Bh7 12. Bd3 Bxd3 13. Qxd3 c5 14. Bd2 Qc6 15. f4 {½-½ (78) Fressinet,L (2662)-Kovalenko,I (2635) chess.com INT 2018}) 7... a6 8. a5 g5 9. Nbd2 {White is slightly better.} Ne7 {[%cal Bg8e7,Be7g6,Bg6f4,Bf4e2][%mdl 32]} 10. b4 Ng6 11. c3 Nf4 12. Nb3 Nxe2+ 13. Qxe2 f6 $146 ({Predecessor:} 13... Be7 14. Ne1 Qc7 15. f4 gxf4 16. Bxf4 {1-0 (56) Vuilleumier,A (2366)-Botta,G (2331) Switzerland 2016}) 14. Nc5 Bxc5 15. bxc5 Bg4 16. Qe3 Bxf3 ({Black should try} 16... Qe7 $14) 17. Qxf3 $16 fxe5 18. Qh5+ Ke7 $1 19. dxe5 Qe8 20. Qe2 Qg6 21. Be3 {[%cal Bc1e3,Be3d4,Bd4c3,Bc3b4][%mdl 32]} Rhf8 22. Bd4 g4 (22... Rac8 $14) 23. Rab1 Rab8 24. c4 Rf4 25. Rbd1 (25. Qd2 $16 Re4 26. cxd5 exd5 27. Rfe1) 25... dxc4 ({Better is} 25... h5 $14) 26. Bc3 Rbf8 $2 {[%mdl 8192]} (26... Rf7 $16 {is more resistant.}) 27. Qb2 $18 (27. Qd2 Qd3 $16) 27... Rf3 28. Qxb7 {[%csl Gd1][%cal Rb7d7]} ({Not} 28. Rxd7+ Kxd7 29. Qxb7+ Ke8 $14) 28... Rd8 29. Bb4 Rd3 {aiming for ...Rb8.} 30. Qxc6 Nxe5 31. Qc7+ Kf6 32. Rde1 R8d5 $2 {[#]} (32... Nf3+ 33. gxf3 gxf3+ 34. Qg3 Qxg3+ 35. fxg3 Rb8) 33. Rxe5 $1 {[%mdl 576] Remove Defender} Rxe5 34. c6 Qe8 35. Qh7 Rb5 (35... Rh5 $142 36. c7 Rd7) 36. Qxh6+ Kf5 37. Qh7+ Kf6 38. Qh4+ {[%mdl 64] Double Attack} Ke5 (38... Kg6 $142 39. Qxg4+ {[%mdl 64] Double Attack} Kf7 40. Qxc4 Rxb4 41. Qxd3 Qxc6 42. Qh7+ Kf6 43. Qh8+ Kf7) 39. Qg5+ $2 (39. c7 $1 $18 {Re1+ would kill now.} Rxb4 40. Qg5+ Kd4 41. Qd8+ Qxd8 42. cxd8=Q+ Kc3 43. Qf6+ Kb3 44. Qxe6) 39... Kd4 $11 40. Qf6+ Kd5 41. c7 {White wants to mate with Qd8+.} Kc6 $36 {[%mdl 2048] White is under pressure.} 42. Qe7 (42. Qg6 $11 {and White stays safe.} Qd7 43. Qe4+ Kxc7 44. Qxc4+ Kb7 45. Qxg4) 42... Qd7 $19 43. c8=Q+ Qxc8 44. Rc1 ({Wrong is} 44. Re1 $2 Qd7 $19) 44... Rbd5 (44... Rd4 $17 {...Qd7 is the strong threat.} 45. Qa7 e5) 45. Be1 $2 {[#]} (45. Rxc4+ $15 Kb5 46. Re4) 45... c3 $2 (45... R5d4 $1 $19 {Hoping for ...Rd1.} 46. Rb1 Rb3) 46. Qb4 $15 Kd7 {Threatens to win with ...Qc6.} 47. Qxg4 {[#]} Qc5 ({But not} 47... Rxa5 48. h3 $11) (47... R5d4 $1 $17 {[%cal Rd4g4]} 48. Qg7+ Kd6) 48. h3 $11 Rg5 49. Qa4+ (49. Qf4 $1 $11) 49... Ke7 $17 50. Qe4 (50. Kh2 $17 {was necessary.}) 50... Rxh3 $1 $19 {Strongly threatening ...Rhg3.} 51. Rd1 $2 {[%mdl 8192]} (51. Rb1 $17) 51... Rhg3 52. Qb7+ $2 (52. Qh7+ Rg7 53. Qh4+ R3g5 54. Rc1) 52... Kf6 {Accuracy: White = 50%, Black = 29%.} 0-1